LEADER 01075nam a2200253 i 4500 001 000000139790 003 CaOOAMICUS 005 20050531000000.0 008 050531s1966 it u000 u ita u 013 $a113923 040 $aSeMil$bita 100 1 $aAmbesi, Alberto Cesare.$0(OLS)http://semarc/name/56389 245 10$aArte dell'Oceania /$ctesto di Alberto Cesare Ambesi. 260 $aMilano :$bFratelli Fabbri Editori,$ccopyr. 1966. 300 $a158 p. :$briccamente ill. ;$c19 cm. 490 0 $aElite : le arti e gli stili in ogni tempo e paese ;$v6 500 $aContiene : Bibliografia. 650 4$aArte - Oceania.$0(OLS)http://semarc/subject/27472 830 0$aElite : le arti e gli stili in ogni tempo e paese ;$v6.$0(OLS)http://semarc/title/18137 850 $aSeMil 852 $aSeMil$W1$xVenegono$y1$m5O I 6$j93180$B93180$CSeMilBibl$Z2$F98561 $81 961 $aOmaggio: Pelizzi Carla ved. Ferrari 996 $6245$aArte dell'Oceania$9(OLS)http://semarc/title/204183 996 $6260$aMilano :$bFratelli Fabbri Editori$9(OLS)http://semarc/publisher/29845 LEADER 00555nab a2200145 i 4500 001 000000265318 003 CaOOAMICUS 005 20061108000000.0 008 061108n xx uu u0 0und r 013 $a8348 040 $aSeMil$bita 245 10$aFinitezza e verità. - 129 p. - Titolo principale dalla copertina. 500 $aMaggio-Agosto 2006. 773 0 $t[2006.$dPisa ; Roma : Istituti Editoriali e Poligrafici Internazionali, copyr. 2006.$w()151716 996 $6245$aFinitezza e verità. - 129 p. - Titolo principale dalla copertina.$9(OLS)http://semarc/title/357383 LEADER 00573nam a2200169 i 4500 001 000000240688 003 CaOOAMICUS 005 20150408000000.0 008 150408s1900 it u000 u ita u 013 $a219593 040 $aSeMil$bita 245 10$a1. 300 $a494 p. :$bill. 773 0 $aAlbertario, Davide $tAnno in carcere.$dMilano : Ufficio dell' Osservatore cattolico, 1900.$g1$w()31711 850 $aSeMil 852 $aSeMil$W1$xVenegono$y1$m3D IV 56 FA$j191034$B191034$CSeMilBibl$Z2$F201852 $8I 996 $6245$a1$9(OLS)http://semarc/title/6508